| 000 | 00674nam a2200205 a 4500 | ||
|---|---|---|---|
| 005 | 20210223130856.0 | ||
| 008 | 081110s2005 mx r 000 0 spa d | ||
| 020 | _a9685938423 | ||
| 035 | _aUPN01000167791 | ||
| 049 | _aI | ||
| 050 | 4 |
_aT15 _bB6.3 |
|
| 100 | 1 | _aBrewer, Duncan | |
| 245 | 1 | 0 |
_a100 cosas que debes saber sobre inventos / _cDuncan Brewer ; tr. Roberto Escalona. |
| 260 |
_aMéxico : _bSigno, _cc2005. |
||
| 300 |
_a48 p. : _bil. col. |
||
| 440 | 0 |
_a100 cosas que debes saber sobre... _pClub de lectores |
|
| 534 |
_pTítulo original: _t100 Things you should know about inventions |
||
| 650 | 4 |
_aINVENTOS - _vLITERATURA INFANTIL _911235 |
|
| 905 | _aInfantil | ||
| 999 |
_c139902 _d139902 |
||